000 00573nam a2200229Ia 4500
003 OSt
005 20220918203001.0
006 a|||||r|||| 00| 0
007 ta
008 220917b |||||||| |||| 00| 0 eng d
024 _a105,243
037 _cTextual
040 _aARTS
_cARTS
_beng
041 _2eng
_aeng
082 _aV3:19:M3, K6
100 _aTemperley H W V
_9106197
245 0 _aForeign policy of Canning 1822-1827
260 _c1966
650 _aHISTORY
942 _hV3:19:M3, K6
_cTEXL
_2CC
999 _c228603
_d228603